000 00658cab a2200265 4500
001 X182
008 090401t1992 xxu||||| |||| 00| 0 eng d
035 _a(Sirsi) u64280
041 _aeng
100 _aNeedham, B.
245 2 _aA theory of land prices when land is supplied publicly: the case of the Netherlands
260 _c1992
350 _a0
490 _aUrban Studies
_v29(5) 1992, 669-686(18)
650 _aBUILDING LAND
650 _aLAND PRICES
650 _aLAND VALUES
650 _aNETHERLANDS
650 _aRESEARCH
650 _aTHEORY
690 _aLAND
690 _aOVERSEAS-EUROPE
942 _n0
948 _c04/03/1997
999 _c40024
_d40024